[Event "FIDE World Rapid Team"]
[Site "Almaty KAZ"]
[Date "2024.08.04"]
[Round "12.34"]
[White "Akhmedya, Madyar"]
[Black "Shakhman, Asanali"]
[Result "0-1"]
[WhiteElo "1786"]
[BlackElo "1537"]
[WhiteTeam "Chess Mates"]
[BlackTeam "Baiterekchess"]
[WhiteFideId "13739727"]
[BlackFideId "447018860"]
[EventDate "2024.08.02"]

1. e4 c6 2. d4 d5 3. Nd2 dxe4 4. Nxe4 Nd7 5. Nf3 Ngf6 6. Ng3 e6 7. Bd3 Bd6 8.
O-O O-O 9. Re1 c5 10. c3 cxd4 11. Nxd4 b6 12. Ne4 Be7 13. Nc6 Qe8 14. Bf4 e5 15.
Nxe5 Nxe5 16. Bxe5 Qd8 17. Nxf6+ Bxf6 18. Be4 Bxe5 19. Bxa8 Qc7 20. g3 Be6 21.
Bg2 Rd8 22. Qe2 Bf6 23. Rad1 Rf8 24. Bd5 Bf5 25. Qf3 Bc8 26. Re3 h6 27. Rde1 Bd7
28. Qh5 Qc8 29. Qe2 Qb8 30. Qc4 Bg5 31. f4 Bf6 32. Kg2 Qd8 33. Bf3 Be6 34. Qd3
Qc8 35. a3 Rd8 36. Qb5 Rd2+ 37. Kg1 Be7 38. b4 Bf6 39. Qc6 Qa6 40. a4 Rd8 41.
R3e2 Qd3 42. Re3 Qg6 43. Rxe6 fxe6 44. Qxe6+ Kh8 45. Be4 Bd4+ 46. cxd4 Qxe6 47.
d5 Qf6 48. Kg2 Re8 49. Kf3 Qc3+ 50. Re3 Qxb4 51. f5 Qxa4 52. d6 Qd4 53. d7 Qxd7
54. Rd3 Qe7 55. Re3 Qc5 56. Rd3 Qe5 57. Rd5 Qxe4+ 0-1

[Event "FIDE World Rapid Team"]
[Site "Almaty KAZ"]
[Date "2024.08.04"]
[Round "12.35"]
[White "Anvar, Sultan"]
[Black "Muratova, Anel"]
[Result "1-0"]
[WhiteElo "1529"]
[BlackElo "1892"]
[WhiteTeam "Baiterekchess"]
[BlackTeam "Chess Mates"]
[WhiteFideId "13783815"]
[BlackFideId "13707205"]
[EventDate "2024.08.02"]

1. e4 c5 2. d4 cxd4 3. Qxd4 Nc6 4. Qd3 d6 5. Nc3 Nf6 6. Nf3 g6 7. Be2 Bg7 8. O-O
O-O 9. Nd5 Nxd5 10. exd5 Bf5 11. Qd1 Nb4 12. Nh4 Bd7 13. c3 Na6 14. Bxa6 bxa6
15. Nf3 Qa5 16. Re1 Rfe8 17. Bg5 Bf8 18. Qd2 f6 19. Be3 Bg4 20. Nh4 Rab8 21. h3
Bd7 22. Bxa7 Rb5 23. Red1 Qa4 24. Nf3 Qe4 25. Kh2 g5 26. a4 Rb7 27. Be3 h6 28.
Re1 Qf5 29. a5 Reb8 30. Bb6 Kf7 31. Qd4 Rc8 32. Qe4 h5 33. Qxf5 Bxf5 34. Nd4 Bd7
35. Ne6 Bh6 36. g4 Kg6 37. Re4 f5 38. gxf5+ Kxf5 39. Rae1 Re8 40. Nc7 Rxc7 41.
Bxc7 Kf6 42. Bxd6 Bf8 43. Bb4 Bf5 44. R4e3 g4 45. hxg4 hxg4 46. d6 e5 47. d7
Bxd7 48. Bxf8 Rxf8 49. Rxe5 Kg6 50. Kg1 Rb8 51. b4 Rc8 52. Re7 Bc6 53. R7e6+ Kf5
54. R1e5+ Kf4 55. Rc5 Bb7 56. Rxc8 Bxc8 57. Rc6 Bb7 58. Rc7 Be4 59. Rc4 Ke5 60.
Rxe4+ Kxe4 61. c4 1-0

[Event "FIDE World Rapid Team"]
[Site "Almaty KAZ"]
[Date "2024.08.04"]
[Round "12.36"]
[White "Muratova, Saltanat"]
[Black "Zhankarayeva, Zhansaya"]
[Result "1/2-1/2"]
[WhiteElo "1845"]
[BlackElo "1402"]
[WhiteTeam "Chess Mates"]
[BlackTeam "Baiterekchess"]
[WhiteFideId "13705776"]
[BlackFideId "13781804"]
[EventDate "2024.08.02"]

1. e4 c5 2. Nc3 e6 3. Bc4 Nc6 4. f4 Nge7 5. d3 d5 6. Bb3 Nd4 7. Nf3 Nxb3 8. axb3
Nc6 9. O-O Be7 10. Qe1 O-O 11. Qg3 dxe4 12. Nxe4 Nd4 13. Nxd4 cxd4 14. f5 exf5
15. Bh6 Bf6 16. Nxf6+ Qxf6 17. Bf4 Qg6 18. Qf2 Rd8 19. Rfe1 Be6 20. Ra4 Bd5 21.
Rxd4 Rd7 22. c4 Bxg2 23. Rxd7 Bc6+ 24. Qg3 Qxg3+ 25. Bxg3 Bxd7 26. Re7 Bc6 27.
d4 Re8 28. Rc7 Be4 29. d5 g5 30. d6 Kg7 31. Be5+ Kg6 32. b4 Bc6 33. b5 Bxb5 34.
Rxb7 Bxc4 35. Bc3 Rd8 36. Rc7 Be6 37. Bb4 Rb8 38. Ba3 a6 39. Ra7 Rc8 40. Rxa6
Kg7 41. b4 Bd7 42. Ra7 Be6 43. b5 Rb8 44. d7 Bxd7 45. Rxd7 1/2-1/2

[Event "FIDE World Rapid Team"]
[Site "Almaty KAZ"]
[Date "2024.08.04"]
[Round "12.37"]
[White "Shonazarov, Orash"]
[Black "Altynbekuly, Madiyar"]
[Result "0-1"]
[WhiteTitle "FM"]
[WhiteElo "2277"]
[BlackElo "2114"]
[WhiteTeam "Chess Empire"]
[BlackTeam "KRG-Team"]
[WhiteFideId "13737910"]
[BlackFideId "13736264"]
[EventDate "2024.08.02"]

1. e4 e6 2. d4 d5 3. Nd2 c5 4. Ngf3 Nf6 5. exd5 Nxd5 6. Ne4 Nc6 7. dxc5 Bxc5 8.
Nxc5 Qa5+ 9. c3 Qxc5 10. Be2 O-O 11. O-O Rd8 12. Qa4 b6 13. Bg5 f6 14. c4 Nde7
15. Be3 Qf5 16. c5 Bb7 17. Rac1 bxc5 18. Rxc5 Rd5 19. b4 Rxc5 20. Bxc5 Nd5 21.
Ba6 Nc3 22. Qa3 Bxa6 23. Qxa6 Ne5 24. Nd4 Qd3 25. Qxd3 Nxd3 26. Nxe6 Nxa2 27.
Rb1 Naxb4 28. Bxb4 Rb8 29. h3 Rxb4 30. Ra1 Rb7 31. Nd8 Rc7 32. Ra3 Nc5 33. Ra5
Rc8 34. Kh2 Rxd8 35. Rxc5 Ra8 36. Ra5 Kf7 37. Ra6 Ke7 38. h4 Kd7 39. h5 h6 40.
Kg3 Kc7 41. Kf4 Kb7 42. Ra1 a5 43. Kf5 Kb6 44. Kg6 Ra7 45. f4 a4 46. f5 Kc5 47.
g4 Kd5 48. Rd1+ Ke5 49. Re1+ Kf4 50. g5 fxg5 51. f6 gxf6 52. Kxh6 a3 53. Kg6 a2
54. Ra1 g4 55. h6 g3 56. Kxf6 Ra6+ 57. Kg7 Kg5 58. h7 Ra7+ 59. Kg8 Kg6 60. h8=N+
Kf6 61. Rf1+ Ke5 62. Ng6+ Ke4 63. Ra1 Ke3 64. Kf8 g2 65. Nh4 Kf2 66. Nxg2 Kxg2
67. Ke8 Kf2 68. Kd8 Ke2 69. Kc8 Kd2 70. Kb8 Ra3 0-1

[Event "FIDE World Rapid Team"]
[Site "Almaty KAZ"]
[Date "2024.08.04"]
[Round "12.38"]
[White "Kozhabekov, Adilkhan"]
[Black "Karmenov, Berik"]
[Result "1/2-1/2"]
[WhiteElo "1855"]
[BlackElo "2046"]
[WhiteTeam "KRG-Team"]
[BlackTeam "Chess Empire"]
[WhiteFideId "13702858"]
[BlackFideId "4194063"]
[EventDate "2024.08.02"]

1. d4 Nf6 2. c4 e6 3. Nf3 d5 4. e3 Be7 5. Nbd2 O-O 6. Bd3 b6 7. O-O Bb7 8. Qe2
Ne4 9. Ne1 Nd7 10. f3 Nxd2 11. Bxd2 c5 12. cxd5 exd5 13. Bc3 Bf6 14. Rd1 Re8 15.
Qf2 cxd4 16. exd4 Nf8 17. Nc2 Ng6 18. g3 Qd7 19. Rfe1 Nf8 20. Ne3 h5 21. Qf1 g6
22. f4 Nh7 23. Qf3 Kg7 24. Bf1 Rad8 25. Bg2 a5 26. a3 Re7 27. Nf1 Rxe1 28. Rxe1
Nf8 29. Nd2 Re8 30. Rxe8 Qxe8 31. Qf2 Qb5 32. Nf3 Qd3 33. Ne5 Qb1+ 34. Qf1 Qc2
35. h3 h4 36. g4 Ne6 37. f5 gxf5 38. gxf5 Ng5 39. Ng4 Ne4 40. Bxe4 Qxe4 41. Qg2
Qxg2+ 42. Kxg2 Bc8 43. Kf3 Bxf5 44. Nxf6 Kxf6 45. Kg2 Be4+ 46. Kg1 Kg5 47. Bd2+
Kg6 48. Be1 Kh5 49. Kh2 a4 50. Bd2 Bd3 51. Be3 b5 52. Bd2 Kg6 53. Kg2 1/2-1/2

[Event "FIDE World Rapid Team"]
[Site "Almaty KAZ"]
[Date "2024.08.04"]
[Round "12.39"]
[White "Ermekbaev, Iliyas"]
[Black "Savitskiy, Vladimir"]
[Result "0-1"]
[WhiteElo "1621"]
[BlackElo "1893"]
[WhiteTeam "Chess Empire"]
[BlackTeam "KRG-Team"]
[WhiteFideId "13784420"]
[BlackFideId "13739999"]
[EventDate "2024.08.02"]

1. e4 c5 2. Nf3 a6 3. d4 cxd4 4. Nxd4 Nf6 5. Nc3 e5 6. Nb3 Bb4 7. Bc4 O-O 8. Bg5
d6 9. Bxf6 Qxf6 10. O-O Bxc3 11. bxc3 Rd8 12. Bd5 Nd7 13. Na5 Nc5 14. Rb1 Qe7
15. Nc4 Be6 16. Nb6 Rab8 17. a4 Qe8 18. a5 Na4 19. Qd3 Bxd5 20. Nxd5 Nc5 21. Qe3
Qa4 22. Rb4 Qxc2 23. f4 Qd3 24. Qe1 exf4 25. Rf3 Qc2 26. Rf2 Qd3 27. Rd2 f3 28.
Rxd3 Nxd3 29. Qd2 Nxb4 30. cxb4 fxg2 31. Kxg2 Re8 32. Qc2 h6 33. Kf3 Re5 34. Nb6
Rbe8 35. Qd3 R8e6 36. Nd5 Rh5 37. Qc2 Ree5 38. Qc8+ Kh7 39. Qc2 Rh3+ 40. Kg2 Rh4
41. Kf3 Rh3+ 42. Kg4 Reh5 43. e5+ Kh8 44. Qc8+ Kh7 45. Qc2+ Kh8 46. Qc8+ Kh7 47.
Ne7 R5h4+ 48. Kf5 Rf3# 0-1

[Event "FIDE World Rapid Team"]
[Site "Almaty KAZ"]
[Date "2024.08.04"]
[Round "12.40"]
[White "Magzumov, Damirali"]
[Black "Sartbayev, Askar"]
[Result "1/2-1/2"]
[WhiteElo "1756"]
[BlackElo "1702"]
[WhiteTeam "KRG-Team"]
[BlackTeam "Chess Empire"]
[WhiteFideId "13727117"]
[BlackFideId "13751190"]
[EventDate "2024.08.02"]

1. e4 c5 2. Nf3 d6 3. d4 cxd4 4. Nxd4 Nf6 5. Nc3 a6 6. Bg5 e6 7. f4 Be7 8. Qf3
Qc7 9. O-O-O Nc6 10. Nce2 h6 11. Bh4 e5 12. Nf5 Bxf5 13. exf5 Rc8 14. Kb1 Nb4
15. Nc3 Nbd5 16. Rxd5 Nxd5 17. Qxd5 Bxh4 18. Bd3 O-O 19. Qe4 Bf6 20. Nd5 Qd8 21.
fxe5 dxe5 22. g4 Rc5 23. Ne3 Qd4 24. Qxd4 exd4 25. Nc4 b5 26. Nd6 Rd5 27. Ne4
Re8 28. a3 Rde5 29. Re1 Bh4 30. Re2 g6 31. Ka2 gxf5 32. gxf5 Kh8 33. Kb3 Rxf5
34. Rg2 Rfe5 35. Nd6 Rf8 36. Rg4 Bf6 37. Rf4 Re6 38. Ne4 Bg5 39. Rf5 f6 40. Nc5
Re5 41. Nd7 Rxf5 42. Bxf5 Re8 43. Kb4 Bf4 44. Ka5 Bxh2 45. Kxa6 Be5 46. Kxb5 h5
47. a4 Bc7 48. a5 Rg8 49. Be6 Re8 50. Bf5 Rg8 51. Be6 Re8 1/2-1/2

[Event "FIDE World Rapid Team"]
[Site "Almaty KAZ"]
[Date "2024.08.04"]
[Round "12.41"]
[White "Adilbekuly, Altair"]
[Black "Amangeldinov, Alkey"]
[Result "0-1"]
[WhiteElo "1694"]
[BlackElo "1721"]
[WhiteTeam "Chess Empire"]
[BlackTeam "KRG-Team"]
[WhiteFideId "13763130"]
[BlackFideId "13770268"]
[EventDate "2024.08.02"]

1. e4 c6 2. d4 d5 3. e5 c5 4. dxc5 e6 5. Be3 Nh6 6. Nf3 Nf5 7. Bd4 Bd7 8. Nc3
Nc6 9. Be2 Nfxd4 10. Nxd4 Bxc5 11. Nf3 O-O 12. O-O Rc8 13. a3 Bb6 14. Re1 a6 15.
Bd3 g6 16. h4 Nd4 17. h5 Nxf3+ 18. Qxf3 Qg5 19. Ne2 f6 20. Qg3 Qxg3 21. Nxg3
fxe5 22. hxg6 Bxf2+ 23. Kh2 Bxe1 24. gxh7+ Kh8 25. Rxe1 e4 26. Be2 Kxh7 27. c3
Rf6 28. Bg4 Rh6+ 29. Bh3 Rf8 30. Kg1 Rg8 31. Kh2 e5 32. Rf1 Bxh3 33. gxh3 Rhg6
34. Nh5 Kh6 35. Nf6 Rf8 36. Ng4+ Kg7 37. Rd1 Rd8 38. Nxe5 Re6 39. Ng4 e3 40. Re1
e2 41. Kg2 d4 42. cxd4 Rxd4 43. Kf2 Rf4+ 44. Kg2 Rd4 45. Kf2 Rd1 46. Rxe2 Rxe2+
47. Kxe2 Rb1 48. b4 Rb3 49. h4 Rxa3 50. h5 Rb3 51. h6+ Kh7 52. Kf2 Rxb4 53. Kg3
Rxg4+ 0-1

[Event "FIDE World Rapid Team"]
[Site "Almaty KAZ"]
[Date "2024.08.04"]
[Round "12.42"]
[White "Zharkenova, Safiya"]
[Black "Zhumagali, Raian"]
[Result "0-1"]
[BlackTitle "WCM"]
[WhiteElo "1424"]
[BlackElo "1632"]
[WhiteTeam "KRG-Team"]
[BlackTeam "Chess Empire"]
[WhiteFideId "13748890"]
[BlackFideId "13730150"]
[EventDate "2024.08.02"]

1. d4 Nf6 2. Nf3 g6 3. Bf4 Bg7 4. e3 d5 5. Bd3 c5 6. c3 Nbd7 7. Nbd2 O-O 8. O-O
b6 9. Re1 Bb7 10. dxc5 bxc5 11. e4 Nb6 12. exd5 Nbxd5 13. Bg3 Nxc3 14. bxc3 Qxd3
15. Rxe7 Bxf3 16. Nxf3 Qxc3 17. h3 Rfd8 18. Qc1 Nd5 19. Qxc3 Bxc3 20. Rc1 Nxe7
21. Rxc3 Rac8 22. Bh4 Rd1+ 23. Kh2 Nd5 24. Rc2 c4 25. Bg5 c3 26. a3 Rb1 27. Bc1
Rc7 28. Nd4 Rb8 29. Ne2 Rbc8 30. Kg3 f5 31. Nd4 Rd7 32. Ne2 Kf7 33. Kf3 a6 34.
Kg3 Rdc7 35. Kf3 Ke6 36. Nd4+ Ke5 37. Ne2 Rc4 38. g3 Kd6 39. h4 Kc5 40. Kg2 Kb5
41. Kf3 Ka4 42. Kg2 Kb3 43. Nd4+ Rxd4 44. Re2 Rd1 45. Bg5 f4 46. gxf4 c2 47. f5
gxf5 48. Re7 0-1

[Event "FIDE World Rapid Team"]
[Site "Almaty KAZ"]
[Date "2024.08.04"]
[Round "12.43"]
[White "Tuleyeva-Aketayeva, Dana"]
[Black "Yermekov, Kairat"]
[Result "1/2-1/2"]
[WhiteTitle "WIM"]
[WhiteElo "2130"]
[BlackElo "2076"]
[WhiteTeam "Abai Chess Team"]
[BlackTeam "VKO Team"]
[WhiteFideId "13701932"]
[BlackFideId "13702203"]
[EventDate "2024.08.02"]

1. c4 g6 2. d4 Bg7 3. e4 d6 4. Nc3 Nf6 5. Nf3 O-O 6. Be2 e5 7. O-O Nbd7 8. Re1
Re8 9. Bf1 c6 10. d5 c5 11. a3 Rf8 12. b4 a6 13. Rb1 Ne8 14. Na4 1/2-1/2

[Event "FIDE World Rapid Team"]
[Site "Almaty KAZ"]
[Date "2024.08.04"]
[Round "12.44"]
[White "Nyshanbayev, Bolat"]
[Black "Akylbek, Zhaksylyk"]
[Result "1-0"]
[WhiteElo "2091"]
[BlackElo "1662"]
[WhiteTeam "VKO Team"]
[BlackTeam "Abai Chess Team"]
[WhiteFideId "13704435"]
[BlackFideId "13725980"]
[EventDate "2024.08.02"]

1. c4 e5 2. Nc3 Nc6 3. g3 d6 4. Bg2 g6 5. d3 Bg7 6. Nf3 f5 7. O-O Nf6 8. Bg5 h6
9. Bxf6 Bxf6 10. Rb1 O-O 11. Nd5 Be6 12. b4 Bxd5 13. cxd5 Ne7 14. Nd2 Qd7 15. e3
g5 16. Qh5 Kg7 17. e4 Qe8 18. Qxe8 Raxe8 19. Rfc1 Rc8 20. exf5 g4 21. Rc4 Nxf5
22. Rxg4+ Kh8 23. Nb3 Nd4 24. Nxd4 exd4 25. Rc1 Bd8 26. Be4 Rf6 27. f4 a5 28. b5
b6 29. a4 Be7 30. Kg2 Rf7 31. Rg6 Rf6 32. Rg4 Rf7 33. Kf3 Rg7 34. Rxg7 Kxg7 35.
Bf5 Rf8 36. Rxc7 Kf6 37. Be6 Bd8 38. Rd7 Be7 39. g4 Re8 40. h4 Kg6 41. f5+ Kf6
42. Kf4 Kg7 43. g5 hxg5+ 44. hxg5 Kh8 45. Bf7 Rc8 46. Rxe7 Rc3 47. f6 Kh7 48.
g6+ Kh6 49. Re8 Rc8 50. Rxc8 Kh5 51. Rh8# 1-0

[Event "FIDE World Rapid Team"]
[Site "Almaty KAZ"]
[Date "2024.08.04"]
[Round "12.45"]
[White "Abuzyarov, Arlan"]
[Black "Shevchenko, Alexandr"]
[Result "1-0"]
[WhiteElo "1851"]
[BlackElo "1814"]
[WhiteTeam "Abai Chess Team"]
[BlackTeam "VKO Team"]
[WhiteFideId "13726820"]
[BlackFideId "13756478"]
[EventDate "2024.08.02"]

1. d4 Nf6 2. Nf3 c5 3. g3 cxd4 4. Nxd4 e5 5. Nb3 d5 6. Bg2 Nc6 7. O-O Be7 8. Bg5
Be6 9. Nc3 d4 10. Bxf6 Bxf6 11. Ne4 O-O 12. Nbc5 Bc8 13. c3 Be7 14. cxd4 f5 15.
Nd2 Nxd4 16. Rc1 Qb6 17. Nd3 e4 18. Nc4 Qd8 19. Ne1 Be6 20. e3 Nc6 21. Qe2 Rc8
22. Nc2 Qe8 23. Nd4 Nxd4 24. exd4 Qf7 25. b3 Rfd8 26. Rfd1 Qf6 27. Qe3 b5 28.
Ne5 Rxc1 29. Rxc1 Bd6 30. Nc6 Rc8 31. d5 Bd7 32. Qxa7 Bxc6 33. dxc6 Be5 34. Qd7
Rd8 35. Qb7 Qf8 36. Qxb5 Bc7 37. Bf1 g6 38. Qc4+ Kg7 39. Qc3+ Qf6 40. Qxf6+ Kxf6
41. Rc2 Rd1 42. Kg2 g5 43. Be2 Rd6 44. f3 e3 45. f4 g4 46. Rc3 Rd2 47. Rxe3 Rxa2
48. h3 h5 49. hxg4 hxg4 50. b4 Bb6 51. Re5 Bd4 52. c7 Rc2 53. Rc5 Bxc5 54. c8=Q
Rxe2+ 55. Kf1 Rf2+ 56. Ke1 Be3 57. Qc3+ 1-0

[Event "FIDE World Rapid Team"]
[Site "Almaty KAZ"]
[Date "2024.08.04"]
[Round "12.46"]
[White "Sadybekov, Adilzhan"]
[Black "Matymov, Madi"]
[Result "1-0"]
[WhiteElo "1674"]
[BlackElo "1824"]
[WhiteTeam "VKO Team"]
[BlackTeam "Abai Chess Team"]
[WhiteFideId "13764799"]
[BlackFideId "13721283"]
[EventDate "2024.08.02"]

1. d4 d5 2. Nf3 Nf6 3. Bf4 e6 4. e3 c5 5. c3 Nc6 6. Nbd2 Bd6 7. Bg3 c4 8. a4 e5
9. dxe5 Ne4 10. exd6 Nxg3 11. hxg3 Qxd6 12. Nxc4 Qe6 13. Na3 O-O 14. Nb5 Qd7 15.
Bd3 g6 16. O-O Re8 17. Nbd4 Ne5 18. Nxe5 Rxe5 19. Be2 h5 20. Nf3 Re7 21. Qd4 Qc6
22. Bb5 Qe6 23. Rad1 a6 24. Be2 Rd7 25. Ne5 Rd8 26. Nd3 Qe7 27. Nf4 Be6 28. Bf3
Rd6 29. e4 Rad8 30. exd5 Bf5 31. Rfe1 Qg5 32. Nh3 Qh6 33. Qf4 Qf8 34. c4 b6 35.
Ng5 Qg7 36. g4 hxg4 37. Bxg4 Bc2 38. Rd2 Bxa4 39. c5 Rf6 40. Qxa4 Qh6 41. Re8+
Rxe8 42. Qxe8+ Kg7 43. Qe5 1-0

[Event "FIDE World Rapid Team"]
[Site "Almaty KAZ"]
[Date "2024.08.04"]
[Round "12.47"]
[White "Demezhanov, Tuleubek"]
[Black "Tulekenova, Aiza"]
[Result "1/2-1/2"]
[WhiteElo "1776"]
[BlackElo "1581"]
[WhiteTeam "Abai Chess Team"]
[BlackTeam "VKO Team"]
[WhiteFideId "13707272"]
[BlackFideId "13763881"]
[EventDate "2024.08.02"]

1. e4 c5 2. Nf3 d6 3. d4 cxd4 4. Qxd4 Nf6 5. Nc3 g6 6. e5 dxe5 7. Qxd8+ Kxd8 8.
Nxe5 Be6 9. Bf4 Bg7 10. O-O-O+ Nfd7 11. Bb5 a6 12. Ba4 b5 13. Bb3 Bxb3 14. axb3
Ke8 15. Rhe1 Nxe5 16. Bxe5 Bxe5 17. Rxe5 e6 18. Ne4 Ke7 19. Rc5 Ra7 20. f4 Nd7
21. Rc6 Nf6 22. Nxf6 Kxf6 23. Rdd6 a5 24. Ra6 Rha8 25. Rxa7 Rxa7 26. Rb6 b4 27.
Rb5 h5 28. g3 Ke7 29. c4 bxc3 30. bxc3 Kd6 31. Kb2 f6 32. Ka3 e5 33. c4 e4 34.
Kb2 1/2-1/2

[Event "FIDE World Rapid Team"]
[Site "Almaty KAZ"]
[Date "2024.08.04"]
[Round "12.48"]
[White "Niyazbek, Nurtileu"]
[Black "Akylbek, Eskendir"]
[Result "1/2-1/2"]
[WhiteElo "1578"]
[BlackElo "1603"]
[WhiteTeam "VKO Team"]
[BlackTeam "Abai Chess Team"]
[WhiteFideId "13765337"]
[BlackFideId "13747860"]
[EventDate "2024.08.02"]

1. e4 c6 2. d4 d5 3. exd5 cxd5 4. Nf3 Nc6 5. Bd3 Bg4 6. c3 Nf6 7. O-O e6 8. h3
Bh5 9. Bf4 Bd6 10. Bxd6 Qxd6 11. Re1 Bxf3 12. Qxf3 O-O 13. Nd2 e5 14. dxe5 Nxe5
15. Qf5 Rae8 16. Bc2 Re7 17. Rad1 Rfe8 18. a4 g6 19. Qg5 Neg4 20. Nf3 Ne5 21.
Nxe5 Rxe5 22. Rxe5 Rxe5 23. Qd2 Ne4 24. Bxe4 Rxe4 25. b3 Qe5 26. Qd3 Re1+ 27.
Rxe1 Qxe1+ 28. Kh2 Qe5+ 29. Qg3 f6 30. f4 Qe4 31. f5 Qe5 32. fxg6 hxg6 33. Qxe5
fxe5 34. Kg3 Kf7 35. Kf3 Ke6 36. b4 g5 37. Ke3 b6 38. g3 a6 39. Kd3 Kf5 40. Ke3
e4 41. Kd4 b5 42. axb5 axb5 43. Ke3 Ke5 44. Ke2 Kf5 45. Kf2 Kf6 46. Ke2 Ke6 47.
Kd2 Kf5 48. Ke2 Ke5 49. Ke3 Ke6 50. Ke2 Kd6 51. Kd2 Ke6 52. Ke2 Ke5 53. Ke3 Kd6
54. Kd2 Kd7 55. Ke2 Ke7 56. Kd2 Kf6 57. Ke2 Kf5 58. Kf2 Ke5 59. Ke3 Ke6 60. Ke2
Kf7 61. Kf2 Kg6 62. Ke2 Kh5 63. Ke3 Kg6 64. Ke2 Kf5 65. Kf2 Ke5 66. Ke3 Kd6 67.
Kd2 Kd7 68. Ke2 Ke8 69. Kd2 g4 70. h4 Kf7 71. Ke3 Kf6 1/2-1/2